000 00517cam a2200205ua 4500
001 2671
008 110909n ii |||gr||||Z||||||asm
040 _cMAIN
082 _a891.4512
100 _aBardoloi, Saradakanta,
245 1 1 _aMagaribar aajan
_cby Saradakanta Bardoloi
250 _a1st.
260 _aDibrugarh:
_bBani Mandir,982.
300 _a108p:
_c23cm.
653 _aAssamese drama
653 _aAssamese grammar
653 _aMagaribar aajan
700 _aKrishnananda Bhattacharyya,
942 _cBK
999 _c2522
_d2522